000 00788nam a22002297a 4500
001 31306
005 20240531020003.0
008 2305302022 bg |||||||| |||| 00| 0 eng d
020 _a9789849385332
040 _aBD-DhIUB
_cBD-DhIUB
_dBD-DhIUB
082 _222
_a808.831
_bW5671
245 _aWhen the Mango tree blossomed:
_bfifty short stories from Bangladesh/
_cEdited by Niaz Zaman
250 _a2nd ed.
_b1st ed 2021
260 _aDhaka:
_bNymphea Publications,
_c2022
300 _a744 p;.
_c25cm
526 _aLIB
_lLWB
650 0 _aShort Stories
_zBangladesh.
_93869
650 0 _aShort stories, Bengali
_vTranslations into English.
_93940
651 0 _aBangladesh
_xHistory
_xPersonal narratives
_yRevolution, 1971
_94070
700 _aZaman, Niaz
_9747
942 _2ddc
_cBK
_02
999 _c31306
_d31265